000 00986nam2a22002411 4500
001 rc\4346526
005 20250611160907.0
035 _a(NLR Aleph) 008276573
090 _a8489862
_c8489862
100 _a20130416d1959 |||y0rusy50 ca
101 0 _arus
102 _aRU
105 _aa z |||||
200 1 _aИсторико-географическое описание
210 _d1959
_aБ. м.
215 _a138 с.
_cил.
320 _aБиблиогр.: с. 128-130
461 0 _1001rc\4346525
_12001#$aСеверный морской путь$e[В 2 вып.]$eВып. 1-2$fПолит. упр. Сев. флота$vВып. 1
_1700#1$aГалков$bП.Т.
_98489858
_aГалков, П.Т.
_c[Североморск]
_d1959
_fПолит. упр. Сев. флота
_nБ. и.
_o[В 2 вып.] : Вып. 1-2
_p2 т.
_tСеверный морской путь
_vВып. 1
801 0 _aRU
_bNLR
_gpsbo
801 1 _aRU
_bELAR
_2rusmarc
852 _aNLR
_j60-3/1155
942 _cBOOK
980 _aNB